[Event "European Women's Championship"]
[Site "Vysoke Tatry"]
[Date "2018.04.09"]
[Round "2"]
[White "Gvanceladze, Anna"]
[Black "Milcova, Zuzana"]
[Result "1-0"]
[Board "49"]
[WhiteElo "2302"]
[WhiteTitle "WFM"]
[WhiteCountry "RUS"]
[WhiteFideId "4113721"]
[WhiteEloChange "4"]
[BlackElo "2033"]
[BlackCountry "SVK"]
[BlackFideId "14920026"]
[BlackEloChange "-4"]

1. e4 {[%clk 1:30:56]} d5 {[%clk 1:30:52]} 2. exd5 {[%clk 1:31:21]} Nf6 {[%clk
1:30:35]} 3. Nf3 {[%clk 1:31:44]} Nxd5 {[%clk 1:30:59]} 4. d4 {[%clk 1:31:58]}
Bg4 {[%clk 1:30:55]} 5. Be2 {[%clk 1:31:54]} e6 {[%clk 1:30:56]} 6. O-O {[%clk
1:31:19]} c6 {[%clk 1:30:15]} 7. c4 {[%clk 1:27:08]} Nf6 {[%clk 1:28:21]} 8. Nc3
{[%clk 1:25:51]} Be7 {[%clk 1:27:19]} 9. Be3 {[%clk 1:21:03]} O-O {[%clk
1:27:09]} 10. h3 {[%clk 1:20:08]} Bh5 {[%clk 1:24:20]} 11. Ne5 {[%clk 1:12:33]}
Bxe2 {[%clk 1:23:44]} 12. Qxe2 {[%clk 1:12:57]} Nbd7 {[%clk 1:23:01]} 13. Rad1
{[%clk 1:10:28]} Qc8 {[%clk 1:10:20]} 14. Rfe1 {[%clk 0:58:49]} Bb4 {[%clk
0:55:21]} 15. Nd3 {[%clk 0:51:59]} Bxc3 {[%clk 0:47:18]} 16. bxc3 {[%clk
0:52:22]} Ne4 {[%clk 0:46:06]} 17. Rc1 {[%clk 0:51:24]} f5 {[%clk 0:32:55]} 18.
Bf4 {[%clk 0:46:15]} g5 {[%clk 0:13:04]} 19. f3 {[%clk 0:41:04]} gxf4 {[%clk
0:04:16]} 20. fxe4 {[%clk 0:41:26]} Nf6 {[%clk 0:03:28]} 21. exf5 {[%clk
0:41:10]} exf5 {[%clk 0:03:48]} 22. Qf3 {[%clk 0:40:24]} Ne4 {[%clk 0:01:54]} 23.
Nf2 {[%clk 0:38:12]} Nxf2 {[%clk 0:01:20]} 24. Qxf2 {[%clk 0:38:25]} Qc7 {[%clk
0:00:48]} 25. Re5 {[%clk 0:38:06]} Rf7 {[%clk 0:01:02]} 26. Qxf4 {[%clk 0:36:46]}
Raf8 {[%clk 0:01:24]} 27. Rce1 {[%clk 0:34:43]} Rg7 {[%clk 0:00:53]} 28. Rf1
{[%clk 0:30:46]} Rgf7 {[%clk 0:01:01]} 29. Rf3 {[%clk 0:28:51]} Kh8 {[%clk
0:01:15]} 30. Rg3 {[%clk 0:25:19]} Qb6 {[%clk 0:00:34]} 31. Re6 {[%clk 0:24:00]}
Qc7 {[%clk 0:00:33]} 32. Qxc7 {[%clk 0:19:01]} Rxc7 {[%clk 0:01:02]} 33. Kf2
{[%clk 0:19:16]} f4 {[%clk 0:00:39]} 34. Rg4 {[%clk 0:16:25]} f3 {[%clk 0:00:36]}
35. gxf3 {[%clk 0:16:00]} Rcf7 {[%clk 0:01:01]} 36. Rg3 {[%clk 0:16:05]} Rf5
{[%clk 0:00:34]} 37. c5 {[%clk 0:15:25]} R5f7 {[%clk 0:00:36]} 38. Ke3 {[%clk
0:15:24]} Rc7 {[%clk 0:00:35]} 39. f4 {[%clk 0:15:13]} b6 {[%clk 0:00:41]} 40.
cxb6 {[%clk 0:41:59]} axb6 {[%clk 0:31:09]} 41. Ke4 {[%clk 0:42:03]} b5 {[%clk
0:28:51]} 42. f5 {[%clk 0:40:13]} Ra7 {[%clk 0:22:08]} 43. Rxc6 {[%clk 0:35:05]}
Rxa2 {[%clk 0:22:24]} 44. f6 {[%clk 0:34:30]} Re2+ {[%clk 0:19:39]} 45. Kd5
{[%clk 0:33:59]} b4 {[%clk 0:12:31]} 46. cxb4 {[%clk 0:33:04]} Rb2 {[%clk
0:12:36]} 47. Rb6 {[%clk 0:31:17]} Rd8+ {[%clk 0:03:36]} 48. Kc4 {[%clk 0:28:03]}
Rc8+ {[%clk 0:01:22]} 49. Kb5 {[%clk 0:27:37]} Rf2 {[%clk 0:01:01]} 50. d5 {[%clk
0:24:46]} Rf5 {[%clk 0:00:44]} 51. Rd6 {[%clk 0:24:53]} h5 {[%clk 0:00:38]} 52.
f7 {[%clk 0:22:51]} Kh7 {[%clk 0:00:34]} 53. Rd7 {[%clk 0:23:02]} Kh6 {[%clk
0:00:34]} 54. Rg8 {[%clk 0:23:10]} Rxf7 {[%clk 0:00:33]} 55. Rd6+ {[%clk
0:23:34]} 1-0

[Event "European Women's Championship"]
[Site "Vysoke Tatry"]
[Date "2018.04.09"]
[Round "2"]
[White "Socko, Monika"]
[Black "Berke, Ana"]
[Result "1-0"]
[Board "50"]
[WhiteElo "2471"]
[WhiteTitle "GM"]
[WhiteCountry "POL"]
[WhiteFideId "1106619"]
[WhiteEloChange "2"]
[BlackElo "2173"]
[BlackTitle "WIM"]
[BlackCountry "CRO"]
[BlackFideId "14510359"]
[BlackEloChange "-3"]

1. d4 {[%clk 1:30:57]} Nf6 {[%clk 1:30:48]} 2. c4 {[%clk 1:31:23]} e6 {[%clk
1:31:14]} 3. g3 {[%clk 1:31:49]} c5 {[%clk 1:30:30]} 4. d5 {[%clk 1:32:13]} exd5
{[%clk 1:29:26]} 5. cxd5 {[%clk 1:32:40]} b5 {[%clk 1:29:22]} 6. Nf3 {[%clk
1:33:03]} Bb7 {[%clk 1:28:05]} 7. e4 {[%clk 1:33:24]} Nxe4 {[%clk 1:24:50]} 8.
Bg2 {[%clk 1:33:43]} Be7 {[%clk 1:16:46]} 9. O-O {[%clk 1:34:02]} O-O {[%clk
1:16:18]} 10. Re1 {[%clk 1:34:25]} Nd6 {[%clk 1:12:11]} 11. Bf4 {[%clk 1:34:45]}
Na6 {[%clk 1:09:12]} 12. Nc3 {[%clk 1:34:48]} b4 {[%clk 1:03:31]} 13. Bxd6 {[%clk
1:34:44]} Bxd6 {[%clk 1:03:28]} 14. Ne4 {[%clk 1:35:03]} Be7 {[%clk 0:58:48]} 15.
d6 {[%clk 1:25:46]} Bf6 {[%clk 0:58:55]} 16. Nxf6+ {[%clk 1:11:03]} Qxf6 {[%clk
0:57:28]} 17. Ne5 {[%clk 1:09:20]} Bxg2 {[%clk 0:50:03]} 18. Kxg2 {[%clk
1:07:12]} Rad8 {[%clk 0:45:31]} 19. Qd5 {[%clk 1:06:03]} Nb8 {[%clk 0:23:09]} 20.
Qxc5 {[%clk 0:58:08]} Nc6 {[%clk 0:20:34]} 21. Nxc6 {[%clk 0:57:45]} dxc6 {[%clk
0:20:58]} 22. Rad1 {[%clk 0:58:07]} Qxb2 {[%clk 0:17:36]} 23. d7 {[%clk 0:48:16]}
h6 {[%clk 0:08:26]} 24. Qxc6 {[%clk 0:47:33]} Qxa2 {[%clk 0:04:45]} 25. Re8
{[%clk 0:44:21]} Qa5 {[%clk 0:00:39]} 26. Rde1 {[%clk 0:44:35]} Qb6 {[%clk
0:00:35]} 27. Qxb6 {[%clk 0:44:24]} 1-0

[Event "European Women's Championship"]
[Site "Vysoke Tatry"]
[Date "2018.04.09"]
[Round "2"]
[White "Pavlidou, Ekaterini"]
[Black "Bodnaruk, Anastasia"]
[Result "0-1"]
[Board "51"]
[WhiteElo "2164"]
[WhiteTitle "WIM"]
[WhiteCountry "GRE"]
[WhiteFideId "4213262"]
[WhiteEloChange "-3"]
[BlackElo "2460"]
[BlackTitle "IM"]
[BlackCountry "RUS"]
[BlackFideId "4181751"]
[BlackEloChange "2"]

1. d4 {[%clk 1:30:43]} Nf6 {[%clk 1:30:56]} 2. c4 {[%clk 1:31:02]} g6 {[%clk
1:31:23]} 3. Nc3 {[%clk 1:31:18]} Bg7 {[%clk 1:31:49]} 4. e4 {[%clk 1:31:32]} d6
{[%clk 1:32:16]} 5. Bd3 {[%clk 1:31:46]} e5 {[%clk 1:31:54]} 6. d5 {[%clk
1:31:19]} O-O {[%clk 1:32:16]} 7. Nge2 {[%clk 1:30:44]} Nh5 {[%clk 1:28:52]} 8.
h3 {[%clk 1:28:11]} f5 {[%clk 1:22:36]} 9. exf5 {[%clk 1:26:59]} gxf5 {[%clk
0:57:34]} 10. g4 {[%clk 1:20:33]} Nf6 {[%clk 0:49:35]} 11. gxf5 {[%clk 1:15:23]}
Qe8 {[%clk 0:42:32]} 12. Ng3 {[%clk 1:13:59]} e4 {[%clk 0:36:22]} 13. Be2 {[%clk
1:07:36]} Nbd7 {[%clk 0:27:31]} 14. Nb5 {[%clk 1:06:10]} Nc5 {[%clk 0:17:21]} 15.
Nxc7 {[%clk 1:04:21]} Qe5 {[%clk 0:16:15]} 16. Nxa8 {[%clk 0:56:24]} Rf7 {[%clk
0:10:59]} 17. Rb1 {[%clk 0:41:57]} Nd3+ {[%clk 0:08:18]} 18. Bxd3 {[%clk
0:40:30]} exd3+ {[%clk 0:08:46]} 19. Be3 {[%clk 0:29:51]} Ne4 {[%clk 0:06:12]}
20. Nxe4 {[%clk 0:27:13]} Qxe4 {[%clk 0:06:41]} 21. Kd2 {[%clk 0:23:51]} Bxf5
{[%clk 0:06:38]} 22. Bxa7 {[%clk 0:18:04]} b5 {[%clk 0:01:04]} 23. Be3 {[%clk
0:13:04]} bxc4 {[%clk 0:01:01]} 24. Rg1 {[%clk 0:11:22]} Bg6 {[%clk 0:00:36]} 25.
Rg5 {[%clk 0:05:02]} Bh6 {[%clk 0:00:40]} 26. Qg1 {[%clk 0:03:01]} c3+ {[%clk
0:00:37]} 27. Kxc3 {[%clk 0:01:55]} Bxg5 {[%clk 0:00:34]} 28. Qg4 {[%clk
0:00:42]} Qe5+ {[%clk 0:00:32]} 29. Bd4 {[%clk 0:00:41]} Qxd5 {[%clk 0:00:32]}
30. Rg1 {[%clk 0:00:32]} Qa5+ {[%clk 0:00:35]} 31. Kb3 {[%clk 0:00:36]} Rb7+
{[%clk 0:00:46]} 32. Bb6 {[%clk 0:00:32]} Bf7+ {[%clk 0:00:49]} 0-1

[Event "European Women's Championship"]
[Site "Vysoke Tatry"]
[Date "2018.04.09"]
[Round "2"]
[White "Atalik, Ekaterina"]
[Black "Stetsko, Lanita"]
[Result "1-0"]
[Board "52"]
[WhiteElo "2452"]
[WhiteTitle "IM"]
[WhiteCountry "TUR"]
[WhiteFideId "4130189"]
[WhiteEloChange "2"]
[BlackElo "2164"]
[BlackTitle "FM"]
[BlackCountry "BLR"]
[BlackFideId "13505300"]
[BlackEloChange "-3"]

1. d4 {[%clk 1:30:57]} Nf6 {[%clk 1:30:53]} 2. c4 {[%clk 1:31:13]} e6 {[%clk
1:31:15]} 3. g3 {[%clk 1:31:26]} d5 {[%clk 1:28:44]} 4. Bg2 {[%clk 1:31:40]} Be7
{[%clk 1:24:21]} 5. Nf3 {[%clk 1:31:33]} O-O {[%clk 1:24:25]} 6. O-O {[%clk
1:31:48]} dxc4 {[%clk 1:24:16]} 7. Qc2 {[%clk 1:31:46]} a6 {[%clk 1:23:04]} 8. a4
{[%clk 1:31:47]} Bd7 {[%clk 1:17:21]} 9. Qxc4 {[%clk 1:31:47]} Bc6 {[%clk
1:17:00]} 10. Nc3 {[%clk 1:31:32]} b5 {[%clk 1:12:48]} 11. Qd3 {[%clk 1:29:02]}
b4 {[%clk 1:10:17]} 12. Nb1 {[%clk 1:29:06]} Be4 {[%clk 1:07:23]} 13. Qd1 {[%clk
1:26:29]} c5 {[%clk 1:05:35]} 14. Nbd2 {[%clk 1:20:03]} Bd5 {[%clk 1:03:26]} 15.
dxc5 {[%clk 1:17:51]} Nbd7 {[%clk 0:57:09]} 16. Nb3 {[%clk 1:16:07]} Nxc5 {[%clk
0:56:36]} 17. Nxc5 {[%clk 1:16:01]} Bxc5 {[%clk 0:56:59]} 18. Ne5 {[%clk
1:14:55]} Qc7 {[%clk 0:44:00]} 19. Nd3 {[%clk 1:13:30]} Bxg2 {[%clk 0:42:08]} 20.
Kxg2 {[%clk 1:13:54]} Bd4 {[%clk 0:32:42]} 21. a5 {[%clk 1:06:39]} Rfd8 {[%clk
0:24:00]} 22. Qb3 {[%clk 0:59:15]} Qb7+ {[%clk 0:18:50]} 23. f3 {[%clk 0:55:11]}
Nd5 {[%clk 0:16:34]} 24. e4 {[%clk 0:52:32]} Ne3+ {[%clk 0:12:59]} 25. Bxe3
{[%clk 0:52:56]} Bxe3 {[%clk 0:13:26]} 26. Rfd1 {[%clk 0:48:35]} Rab8 {[%clk
0:11:44]} 27. Qxb4 {[%clk 0:36:52]} Qa7 {[%clk 0:08:46]} 28. Qe1 {[%clk 0:32:56]}
Rdc8 {[%clk 0:06:43]} 29. Qe2 {[%clk 0:31:50]} Rb5 {[%clk 0:06:36]} 30. b4 {[%clk
0:30:41]} h6 {[%clk 0:05:07]} 31. Re1 {[%clk 0:27:56]} Bg5 {[%clk 0:05:19]} 32.
f4 {[%clk 0:23:04]} Be7 {[%clk 0:05:38]} 33. Rac1 {[%clk 0:21:05]} Rxc1 {[%clk
0:05:57]} 34. Rxc1 {[%clk 0:21:30]} Bxb4 {[%clk 0:05:40]} 35. Rc8+ {[%clk
0:19:28]} Bf8 {[%clk 0:05:20]} 36. Ne5 {[%clk 0:16:04]} Qb7 {[%clk 0:05:27]} 37.
Qc4 {[%clk 0:15:25]} Rxa5 {[%clk 0:05:27]} 38. Kh3 {[%clk 0:11:29]} Rb5 {[%clk
0:00:51]} 39. Rd8 {[%clk 0:03:57]} Qe7 {[%clk 0:00:45]} 40. Qc8 {[%clk 0:32:47]}
Rxe5 {[%clk 0:30:35]} 41. fxe5 {[%clk 0:30:06]} a5 {[%clk 0:28:40]} 42. Qb8
{[%clk 0:27:50]} g6 {[%clk 0:21:02]} 43. Re8 {[%clk 0:13:57]} Qc5 {[%clk
0:18:24]} 44. Rc8 {[%clk 0:13:27]} Qe7 {[%clk 0:14:39]} 45. Qd6 {[%clk 0:08:26]}
Kg7 {[%clk 0:14:58]} 46. Qxe7 {[%clk 0:06:48]} Bxe7 {[%clk 0:15:26]} 47. Ra8
{[%clk 0:06:42]} Bb4 {[%clk 0:15:39]} 48. Kg4 {[%clk 0:06:59]} Bc3 {[%clk
0:12:45]} 49. Kf4 {[%clk 0:07:14]} Bd2+ {[%clk 0:09:39]} 50. Kf3 {[%clk 0:07:38]}
Bc3 {[%clk 0:10:06]} 51. Ke3 {[%clk 0:07:07]} h5 {[%clk 0:09:11]} 52. Kd3 {[%clk
0:06:36]} Bxe5 {[%clk 0:09:26]} 53. Rxa5 {[%clk 0:07:01]} Kf6 {[%clk 0:08:56]}
54. Ra2 {[%clk 0:06:52]} Kg5 {[%clk 0:08:28]} 55. Ke3 {[%clk 0:06:19]} Kg4 {[%clk
0:05:51]} 56. Ra7 {[%clk 0:04:26]} f6 {[%clk 0:05:02]} 57. Rh7 {[%clk 0:02:24]}
f5 {[%clk 0:00:49]} 58. Re7 {[%clk 0:01:33]} f4+ {[%clk 0:01:09]} 59. gxf4 {[%clk
0:01:59]} Bxf4+ {[%clk 0:01:37]} 60. Kf2 {[%clk 0:01:29]} e5 {[%clk 0:01:45]} 61.
Kg2 {[%clk 0:01:45]} h4 {[%clk 0:01:12]} 62. h3+ {[%clk 0:02:01]} Kg5 {[%clk
0:01:15]} 63. Kf3 {[%clk 0:02:25]} Bg3 {[%clk 0:01:08]} 64. Rf7 {[%clk 0:02:22]}
Bh2 {[%clk 0:01:04]} 65. Ke2 {[%clk 0:02:28]} Bg3 {[%clk 0:00:49]} 66. Kd3 {[%clk
0:02:48]} Kh6 {[%clk 0:00:38]} 67. Kc4 {[%clk 0:02:46]} g5 {[%clk 0:00:52]} 68.
Rf6+ {[%clk 0:02:38]} Kh5 {[%clk 0:00:57]} 69. Rf5 {[%clk 0:02:50]} Kg6 {[%clk
0:01:20]} 70. Kd5 {[%clk 0:02:50]} g4 {[%clk 0:00:44]} 71. hxg4 {[%clk 0:03:15]}
h3 {[%clk 0:01:10]} 72. Rh5 {[%clk 0:02:35]} h2 {[%clk 0:01:34]} 73. Kc4 {[%clk
0:02:05]} Kf6 {[%clk 0:00:58]} 74. Kd3 {[%clk 0:02:21]} h1Q {[%clk 0:00:36]} 75.
Rxh1 {[%clk 0:02:46]} Kg5 {[%clk 0:01:03]} 76. Rh5+ {[%clk 0:02:36]} Kxg4 {[%clk
0:01:25]} 77. Rf5 {[%clk 0:03:01]} Bf4 {[%clk 0:00:58]} 78. Kc4 {[%clk 0:03:26]}
Kf3 {[%clk 0:00:49]} 79. Kd5 {[%clk 0:03:48]} Ke3 {[%clk 0:01:15]} 80. Rxe5
{[%clk 0:04:11]} 1-0

[Event "European Women's Championship"]
[Site "Vysoke Tatry"]
[Date "2018.04.09"]
[Round "2"]
[White "Balajayeva, Khanim"]
[Black "Smirnova, Ekaterina"]
[Result "1/2-1/2"]
[Board "53"]
[WhiteElo "2348"]
[WhiteTitle "WFM"]
[WhiteCountry "AZE"]
[WhiteFideId "13406396"]
[WhiteEloChange "-5"]
[BlackElo "2153"]
[BlackTitle "WFM"]
[BlackCountry "RUS"]
[BlackFideId "4110943"]
[BlackEloChange "5"]

1. e4 {[%clk 1:30:57]} e6 {[%clk 1:30:54]} 2. d4 {[%clk 1:31:24]} d5 {[%clk
1:31:19]} 3. Nc3 {[%clk 1:31:50]} Bb4 {[%clk 1:31:44]} 4. e5 {[%clk 1:32:15]} c5
{[%clk 1:32:11]} 5. a3 {[%clk 1:32:37]} Bxc3+ {[%clk 1:32:35]} 6. bxc3 {[%clk
1:33:05]} Qc7 {[%clk 1:32:59]} 7. Nf3 {[%clk 1:31:12]} Nc6 {[%clk 1:32:07]} 8.
Be2 {[%clk 1:28:46]} c4 {[%clk 1:28:47]} 9. O-O {[%clk 1:27:18]} Bd7 {[%clk
1:26:57]} 10. a4 {[%clk 1:26:10]} O-O-O {[%clk 1:22:20]} 11. Ba3 {[%clk 1:18:06]}
f6 {[%clk 1:18:47]} 12. Bd6 {[%clk 1:11:42]} Qa5 {[%clk 1:19:04]} 13. Qd2 {[%clk
1:11:38]} Nge7 {[%clk 1:14:41]} 14. Rfb1 {[%clk 1:09:54]} Nf5 {[%clk 1:11:40]}
15. Bb4 {[%clk 1:06:20]} Nxb4 {[%clk 1:09:15]} 16. cxb4 {[%clk 1:05:55]} Qc7
{[%clk 1:08:57]} 17. b5 {[%clk 1:01:24]} Be8 {[%clk 0:54:42]} 18. a5 {[%clk
0:57:24]} Qd7 {[%clk 0:54:36]} 19. h3 {[%clk 0:52:46]} Bg6 {[%clk 0:47:29]} 20.
b6 {[%clk 0:47:17]} a6 {[%clk 0:47:34]} 21. Re1 {[%clk 0:47:37]} Ne7 {[%clk
0:44:05]} 22. c3 {[%clk 0:43:30]} Nc6 {[%clk 0:38:37]} 23. exf6 {[%clk 0:41:35]}
gxf6 {[%clk 0:37:43]} 24. Nh4 {[%clk 0:40:46]} Rde8 {[%clk 0:33:30]} 25. Qf4
{[%clk 0:38:38]} Rhf8 {[%clk 0:22:42]} 26. Bg4 {[%clk 0:37:16]} Nd8 {[%clk
0:22:55]} 27. Re3 {[%clk 0:35:37]} Be4 {[%clk 0:21:12]} 28. Rae1 {[%clk 0:28:07]}
f5 {[%clk 0:20:37]} 29. Bd1 {[%clk 0:27:06]} Re7 {[%clk 0:19:18]} 30. Nf3 {[%clk
0:23:45]} Bxf3 {[%clk 0:17:29]} 31. Bxf3 {[%clk 0:24:04]} 1/2-1/2

[Event "European Women's Championship"]
[Site "Vysoke Tatry"]
[Date "2018.04.09"]
[Round "2"]
[White "Leite Oralova, Catarina"]
[Black "Sliwicka, Alicja"]
[Result "0-1"]
[Board "54"]
[WhiteElo "2134"]
[WhiteTitle "WIM"]
[WhiteCountry "POR"]
[WhiteFideId "1901222"]
[WhiteEloChange "-5"]
[BlackElo "2329"]
[BlackTitle "WFM"]
[BlackCountry "POL"]
[BlackFideId "1150677"]
[BlackEloChange "5"]

1. e4 {[%clk 1:30:57]} e5 {[%clk 1:30:55]} 2. Nf3 {[%clk 1:30:41]} Nc6 {[%clk
1:31:19]} 3. Bb5 {[%clk 1:31:05]} a6 {[%clk 1:31:43]} 4. Ba4 {[%clk 1:31:26]} Nf6
{[%clk 1:32:06]} 5. O-O {[%clk 1:31:23]} Be7 {[%clk 1:32:30]} 6. c3 {[%clk
1:29:04]} b5 {[%clk 1:30:18]} 7. Bc2 {[%clk 1:26:56]} d5 {[%clk 1:27:34]} 8. d3
{[%clk 1:24:42]} O-O {[%clk 1:25:30]} 9. Nbd2 {[%clk 1:17:11]} Be6 {[%clk
1:22:32]} 10. Re1 {[%clk 1:01:15]} dxe4 {[%clk 1:14:27]} 11. dxe4 {[%clk
0:59:33]} Qd6 {[%clk 1:08:35]} 12. Nf1 {[%clk 0:48:35]} Na5 {[%clk 1:05:48]} 13.
Qxd6 {[%clk 0:43:01]} Bxd6 {[%clk 1:05:36]} 14. Ne3 {[%clk 0:37:34]} g6 {[%clk
1:00:47]} 15. Rd1 {[%clk 0:32:50]} Kg7 {[%clk 0:56:02]} 16. h3 {[%clk 0:29:58]}
Rfd8 {[%clk 0:53:59]} 17. b4 {[%clk 0:27:30]} Nb7 {[%clk 0:46:07]} 18. a4 {[%clk
0:25:24]} c6 {[%clk 0:44:46]} 19. Ng5 {[%clk 0:18:56]} Bd7 {[%clk 0:43:13]} 20.
Bb3 {[%clk 0:16:53]} Be8 {[%clk 0:39:44]} 21. Ng4 {[%clk 0:16:39]} Nxg4 {[%clk
0:38:20]} 22. hxg4 {[%clk 0:17:07]} bxa4 {[%clk 0:32:32]} 23. Bxa4 {[%clk
0:15:14]} a5 {[%clk 0:31:51]} 24. Bb3 {[%clk 0:15:19]} axb4 {[%clk 0:29:32]} 25.
Rxa8 {[%clk 0:13:55]} Rxa8 {[%clk 0:29:53]} 26. cxb4 {[%clk 0:12:40]} h6 {[%clk
0:18:40]} 27. Nf3 {[%clk 0:12:33]} f6 {[%clk 0:18:14]} 28. Bd2 {[%clk 0:09:02]}
Be7 {[%clk 0:17:24]} 29. Ne1 {[%clk 0:06:58]} Nd6 {[%clk 0:16:28]} 30. f3 {[%clk
0:06:16]} Nb5 {[%clk 0:16:33]} 31. Nc2 {[%clk 0:03:48]} Rd8 {[%clk 0:15:20]} 32.
Ne3 {[%clk 0:04:04]} Nd4 {[%clk 0:11:07]} 33. Bc4 {[%clk 0:04:27]} Rb8 {[%clk
0:10:40]} 34. Rb1 {[%clk 0:02:39]} Nb5 {[%clk 0:08:02]} 35. Bxb5 {[%clk 0:01:38]}
Rxb5 {[%clk 0:08:10]} 36. Kf2 {[%clk 0:00:53]} Rb8 {[%clk 0:06:35]} 37. Rb2
{[%clk 0:00:44]} Bd7 {[%clk 0:05:02]} 38. Rb1 {[%clk 0:00:47]} Bc8 {[%clk
0:04:28]} 39. Rb2 {[%clk 0:00:36]} Ba6 {[%clk 0:04:24]} 40. Ra2 {[%clk 0:30:42]}
Bb5 {[%clk 0:33:30]} 41. Ra7 {[%clk 0:23:11]} Kf7 {[%clk 0:32:02]} 42. Nc2 {[%clk
0:18:32]} Ke6 {[%clk 0:27:19]} 43. Na3 {[%clk 0:12:49]} Rd8 {[%clk 0:22:21]} 44.
Be1 {[%clk 0:05:54]} Bd3 {[%clk 0:20:20]} 45. Ra5 {[%clk 0:06:07]} f5 {[%clk
0:16:11]} 46. gxf5+ {[%clk 0:02:40]} gxf5 {[%clk 0:16:35]} 47. exf5+ {[%clk
0:02:28]} Kxf5 {[%clk 0:16:06]} 48. Bc3 {[%clk 0:01:52]} Bd6 {[%clk 0:15:22]} 49.
g4+ {[%clk 0:00:52]} Ke6 {[%clk 0:15:30]} 50. b5 {[%clk 0:00:47]} cxb5 {[%clk
0:08:10]} 51. Nxb5 {[%clk 0:00:52]} Bc5+ {[%clk 0:08:35]} 52. Kg3 {[%clk
0:00:50]} Rc8 {[%clk 0:05:13]} 53. Bd2 {[%clk 0:00:45]} Rc6 {[%clk 0:02:24]} 54.
Bxh6 {[%clk 0:00:38]} Bb6 {[%clk 0:02:37]} 55. Ra3 {[%clk 0:00:38]} Bxb5 {[%clk
0:02:56]} 56. Rb3 {[%clk 0:00:35]} Bc4 {[%clk 0:03:16]} 57. Rb4 {[%clk 0:00:40]}
Bc7 {[%clk 0:02:44]} 58. Be3 {[%clk 0:00:38]} Bd5 {[%clk 0:02:46]} 59. f4 {[%clk
0:00:35]} Rc3 {[%clk 0:02:05]} 60. f5+ {[%clk 0:00:52]} Kf6 {[%clk 0:02:11]} 61.
Kf2 {[%clk 0:01:16]} Rc2+ {[%clk 0:01:18]} 62. Kg1 {[%clk 0:00:56]} Re2 {[%clk
0:01:25]} 63. Bf2 {[%clk 0:01:18]} e4 {[%clk 0:01:21]} 64. Bh4+ {[%clk 0:01:30]}
Kf7 {[%clk 0:01:27]} 65. Rd4 {[%clk 0:01:54]} Bc6 {[%clk 0:00:52]} 66. Rc4 {[%clk
0:00:51]} Bb6+ {[%clk 0:00:48]} 67. Kf1 {[%clk 0:00:36]} Bb5 {[%clk 0:01:07]} 68.
Kxe2 {[%clk 0:00:41]} Bxc4+ {[%clk 0:01:33]} 69. Kd2 {[%clk 0:00:35]} e3+ {[%clk
0:01:51]} 70. Kc3 {[%clk 0:00:46]} Ba6 {[%clk 0:02:06]} 71. g5 {[%clk 0:01:02]}
e2 {[%clk 0:02:19]} 72. g6+ {[%clk 0:01:10]} Kg7 {[%clk 0:02:42]} 73. Bg3 {[%clk
0:00:45]} e1Q+ {[%clk 0:02:50]} 74. Bxe1 {[%clk 0:01:11]} Ba5+ {[%clk 0:03:17]}
75. Kd4 {[%clk 0:01:36]} Bxe1 {[%clk 0:03:41]} 76. Ke5 {[%clk 0:01:57]} Bc3+
{[%clk 0:04:02]} 77. Ke6 {[%clk 0:02:11]} Bc8+ {[%clk 0:04:23]} 78. Kd5 {[%clk
0:02:19]} Bxf5 {[%clk 0:04:48]} 79. Kc4 {[%clk 0:02:40]} Bf6 {[%clk 0:05:07]} 80.
Kc5 {[%clk 0:02:59]} Kxg6 {[%clk 0:05:29]} 81. Kd5 {[%clk 0:03:23]} Bb2 {[%clk
0:05:06]} 82. Kc4 {[%clk 0:03:38]} Kf6 {[%clk 0:05:25]} 83. Kd5 {[%clk 0:03:56]}
Be5 {[%clk 0:05:25]} 84. Kc4 {[%clk 0:04:05]} Ke6 {[%clk 0:05:50]} 85. Kc5 {[%clk
0:04:26]} Be4 {[%clk 0:06:09]} 86. Kc4 {[%clk 0:04:48]} Kd6 {[%clk 0:06:31]} 87.
Kb4 {[%clk 0:04:27]} Bd3 {[%clk 0:06:44]} 88. Ka4 {[%clk 0:04:12]} Kc5 {[%clk
0:06:56]} 89. Kb3 {[%clk 0:04:38]} Be4 {[%clk 0:05:02]} 90. Ka3 {[%clk 0:04:31]}
Bc2 {[%clk 0:05:10]} 91. Ka2 {[%clk 0:04:56]} Kc4 {[%clk 0:05:08]} 92. Ka3 {[%clk
0:05:16]} Kc3 {[%clk 0:05:27]} 93. Ka2 {[%clk 0:05:40]} Bb3+ {[%clk 0:04:47]} 94.
Kb1 {[%clk 0:06:07]} Bf4 {[%clk 0:05:01]} 95. Ka1 {[%clk 0:06:35]} Bd5 {[%clk
0:05:21]} 96. Kb1 {[%clk 0:07:01]} Kb3 {[%clk 0:05:41]} 97. Ka1 {[%clk 0:07:24]}
Be6 {[%clk 0:06:05]} 98. Kb1 {[%clk 0:07:22]} Bf5+ {[%clk 0:06:30]} 0-1

[Event "European Women's Championship"]
[Site "Vysoke Tatry"]
[Date "2018.04.09"]
[Round "2"]
[White "Klek, Hanna Marie"]
[Black "Cosman, Andreea-Marioara"]
[Result "1-0"]
[Board "55"]
[WhiteElo "2327"]
[WhiteTitle "WGM"]
[WhiteCountry "GER"]
[WhiteFideId "24670057"]
[WhiteEloChange "5"]
[BlackElo "2141"]
[BlackTitle "WFM"]
[BlackCountry "ROU"]
[BlackFideId "1217968"]
[BlackEloChange "-5"]

1. e4 {[%clk 1:30:58]} c5 {[%clk 1:30:56]} 2. Nf3 {[%clk 1:31:24]} d6 {[%clk
1:31:21]} 3. d4 {[%clk 1:31:50]} cxd4 {[%clk 1:31:47]} 4. Nxd4 {[%clk 1:32:16]}
Nf6 {[%clk 1:32:10]} 5. Nc3 {[%clk 1:32:42]} a6 {[%clk 1:32:35]} 6. h4 {[%clk
1:33:08]} e5 {[%clk 1:26:25]} 7. Nb3 {[%clk 1:33:20]} Be6 {[%clk 1:24:56]} 8. f4
{[%clk 1:33:36]} exf4 {[%clk 1:23:27]} 9. Bxf4 {[%clk 1:33:55]} Nc6 {[%clk
1:23:51]} 10. Qd2 {[%clk 1:32:09]} Be7 {[%clk 1:14:56]} 11. O-O-O {[%clk
1:32:26]} Ne5 {[%clk 1:12:19]} 12. h5 {[%clk 1:28:03]} b5 {[%clk 1:04:05]} 13.
Qe1 {[%clk 1:25:22]} Qc7 {[%clk 0:49:35]} 14. Kb1 {[%clk 1:20:59]} Rc8 {[%clk
0:47:07]} 15. Ka1 {[%clk 1:16:23]} Qb7 {[%clk 0:39:50]} 16. h6 {[%clk 1:10:57]}
g6 {[%clk 0:38:47]} 17. Nd5 {[%clk 1:11:00]} Bxd5 {[%clk 0:37:20]} 18. exd5
{[%clk 1:10:49]} Nfd7 {[%clk 0:37:25]} 19. Na5 {[%clk 1:10:49]} Qc7 {[%clk
0:35:21]} 20. Nc6 {[%clk 1:03:04]} Nxc6 {[%clk 0:25:14]} 21. dxc6 {[%clk
1:03:24]} Ne5 {[%clk 0:25:37]} 22. g3 {[%clk 0:57:44]} Rd8 {[%clk 0:14:58]} 23.
Bg2 {[%clk 0:55:32]} O-O {[%clk 0:13:33]} 24. Rf1 {[%clk 0:51:53]} Bf6 {[%clk
0:06:41]} 25. Bd2 {[%clk 0:50:15]} Qe7 {[%clk 0:07:06]} 26. Bc3 {[%clk 0:43:04]}
Rb8 {[%clk 0:04:29]} 27. Bd5 {[%clk 0:40:57]} Bg5 {[%clk 0:03:33]} 28. Bb4 {[%clk
0:36:54]} Kh8 {[%clk 0:03:22]} 29. Qc3 {[%clk 0:32:06]} a5 {[%clk 0:00:56]} 30.
Bxa5 {[%clk 0:31:49]} Bxh6 {[%clk 0:00:47]} 31. c7 {[%clk 0:28:33]} Rbc8 {[%clk
0:00:47]} 32. Rh1 {[%clk 0:23:45]} Bg7 {[%clk 0:00:54]} 33. g4 {[%clk 0:23:35]}
h6 {[%clk 0:00:36]} 34. Qe3 {[%clk 0:21:46]} Rxc7 {[%clk 0:00:35]} 35. Rxh6+
{[%clk 0:20:04]} Kg8 {[%clk 0:00:59]} 36. Bxc7 {[%clk 0:19:18]} Qxc7 {[%clk
0:01:22]} 37. Rdh1 {[%clk 0:15:37]} Rc8 {[%clk 0:00:49]} 38. Qh3 {[%clk 0:15:23]}
Kf8 {[%clk 0:00:47]} 39. g5 {[%clk 0:08:33]} Qxc2 {[%clk 0:00:37]} 40. Qxc8+
{[%clk 0:38:46]} 1-0